The Bad Touch : (Record no. 195198)

MARC details
000 -LEADER
fixed length control field 00569nam a22001817a 4500
005 - DATE AND TIME OF LATEST TRANSACTION
control field 20230306164410.0
010 ## - LCCN (DPL NO)
LC control number ENG-136342
020 ## - INTERNATIONAL STANDARD BOOK NUMBER
International Standard Book Number 9789381398487
Terms of availability 299.00
035 ## - SYSTEM CONTROL NUMBER
System control number EN-119874
037 ## - SOURCE OF ACQUISITION
Source of stock number/acquisition DBAD/PUB
082 ## - DEWEY DECIMAL CLASSIFICATION NUMBER
Classification number S
100 ## - MAIN ENTRY--PERSONAL NAME
Personal name Karwa, Payal
245 00 - TITLE STATEMENT
Title The Bad Touch :
Remainder of title the tru story of harish Iyer and other thriver of child sex Abuse /
Statement of responsibility, etc by Payal Karwa
260 ## - PUBLICATION, DISTRIBUTION, ETC. (IMPRINT)
Name of publisher, distributor, etc Hay House Publications
Place of publication, distribution, etc New Delhi
Date of publication, distribution, etc 2014
270 ## - ADDRESS
Address Muskaan Complex, Plot No-3, b-2 Vasant Kunj
City New Delhi
Postal code 110070
300 ## - PHYSICAL DESCRIPTION
Extent 208p.
Dimensions 20cm(Hb)
942 ## - ADDED ENTRY ELEMENTS (KOHA)
Source of classification or shelving scheme Dewey Decimal Classification
Item type English Books
Classification part S
Call number suffix PAY
Holdings
Withdrawn status Lost status Not for loan Collection code Home library Current library Date acquired Source of acquisition Cost, normal purchase price Full call number Barcode Copy number Koha item type
      Fiction Ashok Vihar Ashok Vihar 06/03/2023 DBAB/PUB 299.00 S PAY EN-119874 1 English Books

© Delhi Public Library
Hit Counter
free hit counter